| 000 | 04045cgm a2200745Ia 4500 | ||
|---|---|---|---|
| 003 | data | ||
| 005 | 20260322212031.0 | ||
| 007 | data | ||
| 008 | data | ||
| 020 | _a0788876422 | ||
| 020 | _a9780788876424 | ||
| 024 | 1 | _a786936732658 | |
| 028 | 4 | 0 | _a54166 |
| 037 |
_bMidwest Tape _nhttp://www.midwesttapes.com |
||
| 040 |
_aTEFMT _cTEFMT _dUtOrBLW _dTEF _dGK8 _dVP@ _dIA4 _dTEF _dOSU _dUtOrBLW |
||
| 041 | 1 |
_aspa _afre _aspa _bspa _bfre _bspa _heng |
|
| 043 | _an-us--- | ||
| 049 | _aOSUU | ||
| 050 | 1 | 4 |
_aPN1995.9.C55 _bD36 2008 |
| 082 | 0 | 4 |
_a791.43/72 _222 |
| 090 | _aDVD 617 | ||
| 245 | 1 | 0 |
_aDan in real life _h[videorecording] / _cJonathan Shestack ... [et al.]. |
| 260 |
_aBurbank, CA : _bDistributed by Buena Vista Home Entertainment, _bDistributed by Buena Vista Home Entertainment, _c[2008] |
||
| 300 |
_a1 videodisc (ca. 98 min.) : _bsd., col. ; _c4 3/4 in. |
||
| 500 | _aRegion 1, widescreen (1.85:1, enhanced) presentation; Dolby Digital 5.1 surround, digitally mastered. | ||
| 500 | _aOriginally released as a motion picture in 2007. | ||
| 500 | _aSpecial features: Deleted scenes with commentary by writer/director Peter Hedges; real-life outtakes; "Just like family: the making of Dan in real life" featurette; "Handmade music: creating the score" featurette; audio commentary with writer/director Peter Hedges. | ||
| 508 | _aDirector of photography, Lawrence Sher ; editor, Sarah Flack ; music, Sondre Lerche ; costume designer, Alix Friedberg ; production designer, Sarah Knowles ; produced by Jon Shestack, Brad Epstein ; written by Pierce Gardner and Peter Hedges ; directed by Peter Hedges. | ||
| 511 | 1 | _aSteve Carell, Juliette Binoche, Dane Cook, John Mahoney, Emily Blunt, Dianne Wiest. | |
| 520 | _aDan Burns is a local newspaper advice columnist. He is a widower with three daughters. He brings the family to his parent's house for a family gathering. When Dan goes to a local bookstore, he meets Marie. When he gets home, he finds out that Marie is actually dating his brother Mitch. Dan's mother Nana announces that she met an old acquaintance of Dan's, Ruthie Draper and that she has set up a date between Dan and Ruthie. Dan refuses to go. Mitch suggests that they could make it a double date and Dan agrees. Ruthie turns out to be very hot, but Dan isn't really interested in her. When Marie indicates that Ruthie is not right for him, Dan feigns interest and starts dancing with Ruthie. Marie gets jealous and joins the floor with Mitch, leading to an upstaging contest between Dan and Marie. | ||
| 521 | 8 | _aMPAA rating: PG-13; for some innuendo. | |
| 546 | _aDVD format. | ||
| 546 | _aEnglish, dubbed French or dubbed Spanish dialogue, French or Spanish subtitles. | ||
| 546 | _aSubtitles for the deaf and hard of hearing (SDH) | ||
| 650 | 0 |
_aWidowers _vDrama. _zUnited States |
|
| 650 | 0 |
_aMan-woman relationships _vDrama. _zUnited States |
|
| 650 | 0 |
_aDating (Social customs) _vDrama. _zUnited States |
|
| 650 | 0 |
_aFathers and daughters _vDrama. _zUnited States |
|
| 650 | 0 |
_aBrothers _vDrama. _zUnited States |
|
| 650 | 0 |
_aMothers and sons _vDrama. _zUnited States |
|
| 655 | 0 | _aFeature films. | |
| 655 | 0 | _aRomantic comedy films. | |
| 655 | 0 | _aVideo recordings for the hearing impaired. | |
| 655 | 7 |
_aRomance _vFeature. _2migfg. |
|
| 655 | 7 |
_aComedy _vFeature. _2migfg. |
|
| 655 | 7 |
_aFamily _vFeature. _2migfg. |
|
| 655 | 7 |
_aFeature films. _2gsafd. |
|
| 655 | 7 |
_aComedy films. _2gsafd. |
|
| 700 | 1 | _aShestack, Jonathan. | |
| 700 | 1 | _aEpstein, Brad. | |
| 700 | 1 | _aGardner, Pierce. | |
| 700 | 1 | _aHedges, Peter. | |
| 700 | 1 |
_aCarell, Steve, _d1963- |
|
| 700 | 1 |
_aBinoche, Juliette, _d1964- |
|
| 700 | 1 | _aCook, Dane. | |
| 700 | 1 |
_aMahoney, John, _d1940- |
|
| 700 | 1 | _aBlunt, Emily. | |
| 700 | 1 | _aWiest, Dianne. | |
| 710 | 2 | _aTouchstone Pictures. | |
| 710 | 2 | _aFocus Features. | |
| 710 | 2 | _aTouchstone Home Entertainment (Firm) | |
| 710 | 2 | _aBuena Vista Home Entertainment (Firm) | |
| 856 | 4 | 1 | _uhttps://m.media-amazon.com/images/I/91uUahH9efL._AC_UY218_ML3_.jpg |
| 001 | data | ||
| 999 |
_c715 _d715 |
||